000 01419cam a2200337 a 4500
001 EDZ0000064240
003 StDuBDS
005 20161031105100.0
006 m||||||||d||||||||
007 cr |||||||||||
008 120327s2003 enk fo| 001|0|eng d
020 _a9781446215098 (ebook) :
_cNo price
040 _aStDuBDS
_beng
_cStDuBDS
_epn
049 _aAlfaisal Main Library
050 0 _aJK276
_b.S55 2003
082 0 4 _a320.973
_223
100 1 _aSingh, Robert.
245 1 0 _aAmerican government and politics
_h[electronic resource] :
_ba concise introduction /
_cRobert Singh.
260 _aLondon :
_bSAGE,
_cc2003.
300 _a1 online resource (xvi, 342 p.)
504 _aIncludes bibliographical references and index.
520 8 _aWritten for all students of politics coming to the subject for the first time, this textbook provides a lively and accessible introduction and guide to all the main features and characteristics of one of the most distinctive and complex political systems in the world.
521 _aSpecialized.
588 _aDescription based on print version record.
651 0 _aUnited States
_xPolitics and government.
655 7 _aElectronic books.
_2local
710 2 _aSage eBooks
776 0 8 _iPrint version :
_z9780761940944
856 4 0 _uhttp://ezproxy.alfaisal.edu/login?url=http://sk.sagepub.com/books/american-government-and-politics
942 _2lcc
_cEBOOKS
999 _c478993
_d478993